00777nam a22002417a 450000500170000001000130001702000220003003500130005203700160006504000120008108200130009310000150010624500560012126000400017727000510021730000360026865000290030465000200033370000090035394200220036299900190038495201320040320170124110208.0 aB-228762 c00.00a8188951064 aB-228762 bCen Lib/Ret aDPLbEN a004bGBD aGbd937739 aComputer Science & information technology /cby Gbd aNew DelhibGeneral Book Depotc2005 a16, Ansari Road darya Ganj bNew Delhie110002 aVarious Pages :c22cm(Hb)bill. aComputer Science 937740 aInternet937741 96520 2ddccENh004mGBD c133367d133367 00104070aLbLd2015-07-25eCen Lib/Retg0.00l2o004 GBDpB-228762r2022-12-13 00:00:00s2022-11-29t1v0.00w2015-07-25yEN